Staff Report on the Multilateral Consultation on Global Imbalances with China, the Euro Area, Japan, Saudi Arabia, and the United States.

Multilateral Consultations are a new tool of multilateral surveillance for the IMF, designed to foster action-oriented debate and policy actions on a problem of systemic or regional importance. The first multilateral consultation focused on facilitating the resolution of global imbalances while sust...

Descripció completa

Dades bibliogràfiques
Autor corporatiu: International Monetary Fund
Format: Revista
Idioma:English
Publicat: Washington, D.C. : International Monetary Fund, 2007.
Col·lecció:Policy Papers; Policy Paper ; No. 2007/026
Accés en línia:Full text available on IMF
LEADER 01514cas a2200241 a 4500
001 AALejournalIMF019653
008 230101c9999 xx r poo 0 0eng d
020 |c 5.00 USD 
020 |z 9781498333474 
022 |a 2663-3493 
040 |a BD-DhAAL  |c BD-DhAAL 
110 2 |a International Monetary Fund. 
245 1 0 |a Staff Report on the Multilateral Consultation on Global Imbalances with China, the Euro Area, Japan, Saudi Arabia, and the United States. 
264 1 |a Washington, D.C. :  |b International Monetary Fund,  |c 2007. 
300 |a 1 online resource (33 pages) 
490 1 |a Policy Papers 
500 |a <strong>Off-Campus Access:</strong> No User ID or Password Required 
500 |a <strong>On-Campus Access:</strong> No User ID or Password Required 
506 |a Electronic access restricted to authorized BRAC University faculty, staff and students 
520 3 |a Multilateral Consultations are a new tool of multilateral surveillance for the IMF, designed to foster action-oriented debate and policy actions on a problem of systemic or regional importance. The first multilateral consultation focused on facilitating the resolution of global imbalances while sustaining robust global growth. China, the euro area, Japan, Saudi Arabia, and the United States agreed to participate. 
538 |a Mode of access: Internet 
830 0 |a Policy Papers; Policy Paper ;  |v No. 2007/026 
856 4 0 |z Full text available on IMF  |u http://elibrary.imf.org/view/journals/007/2007/026/007.2007.issue-026-en.xml  |z IMF e-Library